000 00619cam a2200145 4500500
005 20260208010540.0
041 _afre
042 _adc
100 1 0 _aSamama, Guy
_eauthor
245 0 0 _aAristote, Traité du ciel, trad. par Catherine Dalimier et Pierre Pellegrin, présentation de Pierre Pellegrin, Paris, Flammarion, 2004, « GF », 469 p., 10,60 E.
260 _c2005.
500 _a27
786 0 _nRevue philosophique de la France et de l'étranger | 130 | 1 | 2005-03-01 | p. 77zg-130zg | 0035-3833
856 4 1 _uhttps://shs.cairn.info/revue-philosophique-2005-1-page-77zg?lang=fr&redirect-ssocas=7080
999 _c1657072
_d1657072